000 00559nam a2200205Ia 4500
005 20250923150040.0
008 008 250917s9999 xx 000 0 eng d
037 _aTextual
040 _aDSWL
_beng
_cDSWL
041 _aeng
_2eng
084 _aX8(J):6.2, N99
_qDSWL
100 _aKarmakar, K.G.
_9841664
245 0 _aRural credit and self-help groups
_c by K.G. Karmakar
260 _aNew Delhi
_bSage
_c1999
300 _a374 p.
365 _aINR
_b465
925 _g465
942 _cTEXL
_hX8(J):6.2, N99
999 _c1458972
_d1458972